header

Virtualizing Microsoft Tier 1 applications with VMware Vsphere 4 (Record no. 83869)

MARC details
000 -LEADER
fixed length control field 01191nam a2200301Ia 4500
082 04 - DEWEY DECIMAL CLASSIFICATION NUMBER
Classification number 005.4/3
100 1# - MAIN ENTRY--AUTHOR NAME
Personal name Windom, Charles A.,
245 10 - TITLE STATEMENT
Title Virtualizing Microsoft Tier 1 applications with VMware Vsphere 4
260 ## - PUBLICATION, DISTRIBUTION, ETC. (IMPRINT)
Place of publication Indianapolis, IN :
Name of publisher Wiley Publishing,
Year of publication 2010.
300 ## - PHYSICAL DESCRIPTION
Number of Pages xxi, 506 p. :
Other physical details ill.
650 #0 - SUBJECT ADDED ENTRY--TOPICAL TERM
Topical Term Virtual computer systems.
700 1# - ADDED ENTRY--PERSONAL NAME
Personal name Gaidhani, Hemant,
Personal name Fontana, Alex.
856 40 - ELECTRONIC LOCATION AND ACCESS
Uniform Resource Identifier http://site.ebrary.com/lib/rucke/Doc?id=10419298

No items available.

© 2026 Rongo University
Contact us: librarian | system librarian | Rongo university